| 000 | 00537nam a2200181 i 4500 | ||
|---|---|---|---|
| 001 | 141388 | ||
| 003 | ES-MaACL | ||
| 005 | 20250905134404.0 | ||
| 007 | t| | ||
| 008 | 070921s1915 xxk ||||1| eng d | ||
| 100 | 1 |
_aWilliams, Basil. _9116910 |
|
| 245 | 1 | 4 |
_aThe life of William Pitt, Earl of Chatham / _cby Basil Williams. |
| 260 |
_aLondon : _bLongmans Green, _c1915. |
||
| 300 |
_a2 v. ; _c22 cm. |
||
| 600 | 1 | 7 |
_aPitt, William, _cEarl of Chatham, _d1708-1778 _2 _9158541 |
| 852 |
_aES-MaACL _jC-1154-5 |
||
| 999 |
_c141388 _d141388 |
||